Trouvez le joueur de foot #3 - Statistiques

Statistiques générales
  • Ce quiz a été pris 102 fois
  • Le résultat moyen est 6 sur 15
Statistiques - réponses
Pays Numéro Club Joueur % Correct
🇯🇵 7 Stade de Reims Junya Ito
84%
🇪🇸 4 FC Séville Sergio Ramos
74%
🇧🇷 77 Al-Hilal Malcom
54%
🇫🇷 24 OGC Nice Gaëtan Laborde
44%
🏴󠁧󠁢󠁥󠁮󠁧󠁿 6 Ajax Amsterdam Jordan Henderson
44%
🇨🇩 11 Brentford Yoane Wissa
42%
🇮🇹 38 Tottenham Destiny Udogie
41%
🇵🇹 17 Arsenal Cédric Soares
40%
🇮🇹 22 Aston Villa Nicolò Zaniolo
37%
🇩🇪 28 AC Milan Malick Thiaw
32%
🇫🇷 29 Union Berlin Lucas Tousart
31%
🇧🇪 21 Fulham Timothy Castagne
24%
🇫🇷 14 FC Lorient Tiémoué Bakayoko
19%
🇹🇷 19 AS Rome Zeki Çelik
18%
🇩🇪 22 RB Leipzig David Raum
15%
Aucun quiz correspondant
Distribution des résultats
% des personnes avec chaque résultat
Percentile par nombre de réponses
Votre historique - résultats
Vous n’avez pas pris ce quiz